|
|
|
|
| LEADER |
00000nam a2200000 a 4500 |
| 001 |
UCV1156 |
| 003 |
CL-VaPUC |
| 008 |
891114e19790000SP |||||||||||||||||spa|d |
| 082 |
0 |
4 |
|a 340.069
|b ENT
|2 21
|
| 100 |
0 |
|
|a Entrena Klett, Carlos María
|e author
|9 295397
|
| 245 |
1 |
3 |
|a La equidad y el arte de juzgar
|
| 300 |
|
|
|a 89 p
|
| 942 |
|
|
|c BK
|
| 945 |
|
|
|d 19891114 00:00:00
|
| 260 |
|
|
|a Pamplona
|b Aranzadi
|c 1979
|
| 650 |
|
0 |
|a Etica jurídica
|9 255897
|
| 650 |
|
0 |
|a Juristas
|9 255986
|
| 583 |
|
|
|a last modification
|c 19891114 00:00:00
|k Rodrigo Vera
|
| 999 |
|
|
|c 209192
|d 209190
|
| 952 |
|
|
|0 0
|1 0
|4 0
|6 340_069000000000000_ENT_1979
|7 0
|8 DER_TF
|9 184496
|a BIBDER
|b BIBDER
|d 2019-11-14
|i 2517566
|o 340.069 ENT 1979
|p 2517566
|r 2023-01-25
|w 2019-11-14
|x Ubicación 4to Piso
|y BK
|z Estos recursos deben solicitarse con anticipación
|k DER
|